00442nam a2200157Ia 4500008004100000020001500041082001700056100005800073245002500131250000700156260004500163300002700208500001900235600001500254650001500269240925s9999 xx 000 0 und d a013556557x a658.4012 MIN aHenry , Mintzberg ; James Brian Quinn,; John , Voyer 4aThe Strategy Process aNA aNew Jersey:bPrintice- Hall Int.c,1995. axii,436p.bNAfPirated aIncludes Index aManagement aManagement